000
00289nam a22001217a 4500
003
SGT
082
_a
617.3
_b
C76C
100
_a
Crelin, Edmund S.
245
_a
Clinical Symposia
_b
Development of the Upper Respiratory System
260
_b
C.I.B.A.
_c
1976
300
_a
30
942
_2
ddc
_c
RARE
999
_c
33142
_d
33142